| 000 | 00617 a2200217 4500 | ||
|---|---|---|---|
| 005 | 20260121102326.0 | ||
| 008 | 260120b |||||||| |||| 00| 0 eng d | ||
| 020 |
_a9781032937922 _cRs. 1095.00 |
||
| 040 | _aMAIN | ||
| 082 |
_a006.31 _bM726M |
||
| 100 | _aMohammad, Mohssen | ||
| 245 | _aMachine learning: Algorithms and applications | ||
| 260 |
_bCRC Press _c2025 _aBoca Raton |
||
| 300 | _axxii, 204 | ||
| 650 | _aComputer Science | ||
| 650 | _aMachine Learning | ||
| 650 | _aComputer Algorithms | ||
| 700 | _aKhan, Muhammad Badruddin | ||
| 700 | _aBashier, Eihab Bashier Mohammed | ||
| 942 | _cBK | ||
| 999 |
_c394933 _d394933 |
||